| 000 | 00407nam a2200121 4500 | ||
|---|---|---|---|
| 008 | 250701b |||||||| |||| 00| 0 eng d | ||
| 040 |
_aDE-2950 _cDE-2950 |
||
| 245 |
_aPortfolio / _cTexte: Konrad Tobler ; Catinka Corts-Münzner |
||
| 260 |
_aBerlin und Greifswald _bItten-Brechbühl, _c2016 |
||
| 300 | _a263 S.: zahlr. Fotografien | ||
| 505 | _aenthält: Projekte der Firma Itten-Brechbühl | ||
| 942 |
_2z _cB |
||
| 999 |
_c373840 _d373840 |
||